000
00269nam a22001217a 4500
008
190306b xxu||||| |||| 00| 0 eng d
041
_a
eng
080
_a
611.085
100
_a
9
101
_a
HISTOLOGJI
245
_a
A Textbook of Historlogy
_c
Bloom
942
_2
udc
_c
BK
999
_c
54615
_d
54615